000 00538nam a2200229 a 4500
001 nice12345678
003 IN_TiNIC
005 20260116014453.0
008 080222s2006 newa grp 000 0 eng
020 _a
_c14
082 0 0 _a340
_bMAT11
100 _aMathew, P D
245 _aWomen and the Constitution
260 _aNew Delhi
_bIndian Social Institute
_c2006
300 _a24p
500 _aincludes index and biblioraphy
650 _aLaw
700 1 _aMathew, P D
902 _bSRS
942 _cBK
999 _c15491
_d15491